| 000 | 00799nam a22002177a 4500 | ||
|---|---|---|---|
| 999 |
_c910 _d910 |
||
| 003 | AR-CdUCM | ||
| 008 | 190225b ||||| |||| 00| 0 spa d | ||
| 020 | _a8472325644 | ||
| 040 |
_aMUNICIPALIDAD PROVINCIAL DEL CUSCO _cBIBLIOTECA MUNICIPAL DEL CUSCO |
||
| 082 |
_a869.12 / _bC97 |
||
| 100 |
_aCustodio, Álvaro _93496 |
||
| 245 |
_aEl regreso de Quetzalcóatl : _bla epopeya azteca / |
||
| 260 |
_aMadrid : _bCultura hispanica, _c1990. |
||
| 300 |
_a128 páginas ; _c20 cm. |
||
| 505 | _aContenido: Los aztecas: su religión y su epopeya -- El regreso de Quetzalcóatl: documento épico-dramático -- Aclaraciones a "el regreso de Quetzalcoatl" ... | ||
| 650 |
_aQuinto sol _93497 |
||
| 650 |
_aAzteca _9674 |
||
| 650 |
_aHernán Cortés _93498 |
||
| 942 |
_2ddc _cLIBROS |
||
| 945 |
_aafb _d2019-02-25 |
||